[Event "Xtracon Chess Open 2018"]
[Site "Elsinore"]
[Date "2018.07.22"]
[Round "2"]
[White "Rossen, Claus"]
[Black "Delorme, Axel"]
[Result "0-1"]
[WhiteElo "2168"]
[BlackElo "2515"]
[EventDate "2018.07.21"]
[WhiteFideId "1403222"]
[BlackFideId "632023"]

1.e4 e5 2.Nf3 Nc6 3.d4 exd4 4.Nxd4 Bb4+ 5.Nc3 Bxc3+ 6.bxc3 Nge7 7.Bc4 O-O 
8.O-O Kh8 9.Bg5 f6 10.Bh4 Ne5 11.Be2 d6 12.Rb1 a6 13.Qd2 Qe8 14.f4 N5c6 
15.Bd3 Qh5 16.Bf2 Qa5 17.Bc4 Nxd4 18.Bxd4 b5 19.Be2 Be6 20.a3 Rad8 21.Ra1 
Qa4 22.Bd3 Nc6 23.Qf2 Bc4 24.Qg3 Bxd3 25.Qxd3 Na5 26.Rad1 Nc4 27.Be3 Nb2 
0-1

[Event "Xtracon Chess Open 2018"]
[Site "Elsinore"]
[Date "2018.07.22"]
[Round "2"]
[White "Venkataraman, Karthik"]
[Black "Nilssen, Ellen Fredericia"]
[Result "1-0"]
[WhiteElo "2514"]
[BlackElo "2152"]
[EventDate "2018.07.21"]
[WhiteFideId "25006479"]
[BlackFideId "1441230"]

1.d4 Nf6 2.c4 g6 3.Nc3 d5 4.Nf3 Bg7 5.h4 c5 6.dxc5 Qa5 7.cxd5 Qxc5 8.Be3 
Qd6 9.Bd4 O-O 10.e4 Qb4 11.Qd2 a6 12.h5 Nxh5 13.a3 Qd6 14.Bxg7 Kxg7 15.e5 
Qd8 16.Qd4 f5 17.O-O-O e6 18.Bc4 exd5 19.Nxd5 Be6 20.Nf4 Nxf4 21.Qxf4 Qc7 
22.Rxh7+ Kxh7 23.Ng5+ Kg8 24.Nxe6 Qe7 25.Nxf8+ Kxf8 26.Qh6+ 1-0

[Event "Xtracon Chess Open 2018"]
[Site "Elsinore"]
[Date "2018.07.22"]
[Round "2"]
[White "Kunz, Andre"]
[Black "Lin, Chen"]
[Result "0-1"]
[WhiteElo "2158"]
[BlackElo "2508"]
[EventDate "2018.07.21"]
[WhiteFideId "24623652"]
[BlackFideId "8602298"]

1.e4 c5 2.d4 cxd4 3.c3 dxc3 4.Nxc3 Nc6 5.Nf3 d6 6.Bc4 a6 7.O-O Nf6 8.Bf4 
e6 9.Qe2 Nh5 10.Be3 Be7 11.Rfd1 Bd7 12.a3 O-O 13.b4 Qb8 14.Rac1 b5 15.Bb3 
Nf6 16.h3 Rc8 17.Qd3 h6 18.g4 Ne5 19.Nxe5 dxe5 20.Ne2 a5 21.Bc5 Bxc5 22.
Rxc5 Rxc5 23.bxc5 Qc7 24.Qe3 Rc8 25.Rc1 Bc6 26.f3 Rd8 27.Nc3 Rd4 28.Ne2 
Rd7 29.Nc3 Qd8 30.Rd1 b4 31.axb4 axb4 32.Rxd7 Nxd7 33.Na2 Qa5 34.Qd2 Nxc5 
35.Bc4 Nxe4 36.Qxb4 Qa7+ 37.Kh1 Qf2 38.Qb8+ Kh7 39.Qb1 Qxf3+ 0-1

[Event "Xtracon Chess Open 2018"]
[Site "Elsinore"]
[Date "2018.07.22"]
[Round "2"]
[White "Grigorov, Grigor"]
[Black "Thybo, Thomas Sondergaard"]
[Result "1-0"]
[WhiteElo "2506"]
[BlackElo "2146"]
[EventDate "2018.07.21"]
[WhiteFideId "2907313"]
[BlackFideId "1441299"]

1.d4 Nf6 2.Nf3 d5 3.c4 e6 4.g3 Be7 5.Bg2 O-O 6.O-O dxc4 7.Qa4 b6 8.Ne5 
Qxd4 9.Bxa8 Qxe5 10.Nc3 Nd5 11.Bd2 Ba6 12.Bxd5 exd5 13.Bf4 Qe6 14.Rad1 Bb7
15.Qxa7 Bc6 16.e4 dxe4 17.Qxc7 g5 18.Bd6 Re8 19.Bxe7 Qxe7 20.Qxe7 Rxe7 21.
Rd8+ 1-0

[Event "Xtracon Chess Open 2018"]
[Site "Elsinore"]
[Date "2018.07.22"]
[Round "2"]
[White "Petersson, Baldur Teodor"]
[Black "Hector, Jonny"]
[Result "1/2-1/2"]
[WhiteElo "2153"]
[BlackElo "2499"]
[EventDate "2018.07.21"]
[WhiteFideId "2309157"]
[BlackFideId "1700090"]

1.e4 e5 2.Nf3 Nc6 3.Bc4 Nf6 4.d4 exd4 5.O-O Nxe4 6.Re1 d5 7.Bxd5 Qxd5 8.
Nc3 Qh5 9.Nxe4 Be7 10.Bg5 Bg4 11.Bxe7 Bxf3 12.gxf3 Nxe7 13.Qxd4 O-O 14.
Nf6+ gxf6 15.Rxe7 Qxf3 16.Rae1 Rad8 17.Qe4 Qh5 18.Rxc7 f5 19.Qe5 h6 20.Rc5
Rfe8 21.Qxe8+ Rxe8 22.Rxe8+ Kg7 23.Re3 Kf6 24.b3 Qd1+ 25.Kg2 Qg4+ 26.Rg3 
Qe4+ 27.Rf3 Qg4+ 28.Rg3 1/2-1/2

[Event "Xtracon Chess Open 2018"]
[Site "Elsinore"]
[Date "2018.07.22"]
[Round "2"]
[White "Thybo, Jesper Sondergaard"]
[Black "Thuesen, Mogens"]
[Result "1/2-1/2"]
[WhiteElo "2497"]
[BlackElo "2139"]
[EventDate "2018.07.21"]
[WhiteFideId "1438832"]
[BlackFideId "1400878"]

1.d4 Nf6 2.c4 g6 3.Nf3 Bg7 4.g3 O-O 5.Bg2 d6 6.O-O Bf5 7.Nc3 Nc6 8.Ne1 Qd7
9.e4 Bh3 10.Nc2 Bxg2 11.Kxg2 e5 12.d5 Ne7 13.f3 Nh5 14.Be3 f5 15.Qd2 Rf7 
16.c5 f4 17.Bg1 fxg3 18.hxg3 Bf6 19.cxd6 cxd6 20.Be3 Nc8 21.a4 Nb6 22.b3 
Raf8 23.Na3 Bd8 24.a5 Nc8 25.Nc4 g5 26.Qe2 Rg7 27.Rh1 Nf4+ 28.Bxf4 gxf4 
29.g4 Rxg4+ 30.fxg4 f3+ 31.Qxf3 Rxf3 32.Kxf3 Bg5 33.Rhg1 b5 34.axb6 Nxb6 
35.Ke2 Nxc4 36.bxc4 Qc7 37.Kd3 Qc5 38.Rg2 Qd4+ 39.Kc2 Qxc4 40.Rxa7 Be3 41.
Ra4 Qf1 42.Re2 1/2-1/2

[Event "Xtracon Chess Open 2018"]
[Site "Elsinore"]
[Date "2018.07.22"]
[Round "2"]
[White "Niese, Holger"]
[Black "Bekker-Jensen, Simon"]
[Result "0-1"]
[WhiteElo "2140"]
[BlackElo "2483"]
[EventDate "2018.07.21"]
[WhiteFideId "4697057"]
[BlackFideId "1403613"]

1.e4 c5 2.Nf3 d6 3.Nc3 Nf6 4.d4 cxd4 5.Nxd4 a6 6.Be3 e5 7.Nb3 Be6 8.f4 Ng4
9.Bd2 exf4 10.Bxf4 Ne5 11.Nd4 Nbd7 12.Nxe6 fxe6 13.Qd2 Be7 14.O-O-O O-O 
15.h4 Rc8 16.g3 Kh8 17.Be2 b5 18.Bg5 Rc6 19.Rhf1 Bf6 20.a3 Nc5 21.Bxf6 
Rxf6 22.Rxf6 Qxf6 23.Rf1 Qe7 24.Qd4 Kg8 25.Kb1 Rb6 26.Bd3 Nc6 27.Qe3 b4 
28.axb4 Rxb4 29.Na2 Rb6 30.Bc4 Ne5 31.Qd4 Qb7 32.b4 Rxb4+ 33.Nxb4 Qxb4+ 
34.Qb2 Qxb2+ 35.Kxb2 Nxc4+ 36.Kc3 Nxe4+ 37.Kd4 d5 38.g4 a5 39.Ra1 Kf7 40.
Ra4 e5+ 0-1

[Event "Xtracon Chess Open 2018"]
[Site "Elsinore"]
[Date "2018.07.22"]
[Round "2"]
[White "Aagaard, Jacob"]
[Black "Poulsen, Iver"]
[Result "1/2-1/2"]
[WhiteElo "2482"]
[BlackElo "2133"]
[EventDate "2018.07.21"]
[WhiteFideId "1401815"]
[BlackFideId "1405110"]

1.c4 e6 2.d4 d5 3.Nc3 c6 4.Nf3 dxc4 5.a4 Bb4 6.e3 b5 7.Bd2 a5 8.axb5 Bxc3 
9.Bxc3 cxb5 10.b3 Bb7 11.bxc4 b4 12.Bb2 Nf6 13.Bd3 O-O 14.O-O Nbd7 15.Nd2 
Qc7 16.Re1 a4 17.d5 Nc5 18.Bxf6 gxf6 19.Bxh7+ Kxh7 20.Qh5+ Kg7 21.Qg4+ Kh7
22.Qh4+ Kg7 23.Qg4+ Kh7 24.Qh4+ Kg7 1/2-1/2

[Event "Xtracon Chess Open 2018"]
[Site "Elsinore"]
[Date "2018.07.22"]
[Round "2"]
[White "Ingebretsen, Jens E"]
[Black "Notkevich, Benjamin Arvola"]
[Result "1/2-1/2"]
[WhiteElo "2138"]
[BlackElo "2471"]
[EventDate "2018.07.21"]
[WhiteFideId "1522965"]
[BlackFideId "1506536"]

1.e4 e6 2.d4 d5 3.Nd2 c5 4.Ngf3 Nf6 5.exd5 exd5 6.Bb5+ Bd7 7.Bxd7+ Nbxd7 
8.O-O Be7 9.Ne5 O-O 10.Ndf3 Nxe5 11.dxe5 Ne4 12.Re1 b5 13.c3 f5 14.exf6 
Bxf6 15.a4 a6 16.Qe2 Qb6 17.axb5 axb5 18.Rxa8 Rxa8 19.Qd3 Qc6 20.Bf4 Ra2 
21.Qb1 Ra8 22.Nd2 Nxd2 23.Bxd2 Re8 24.Rxe8+ Qxe8 25.Qf5 Qc6 26.g3 d4 27.h4
c4 28.h5 d3 29.g4 h6 30.f4 Bd8 31.g5 Bb6+ 32.Kh2 Qe8 33.Qg4 hxg5 34.fxg5 
Bc7+ 35.Kg2 Qa8+ 36.Qf3 Qxf3+ 37.Kxf3 Kf7 38.Ke4 Ke6 39.Be3 Be5 40.Bc1 Bd6
41.b3 cxb3 42.Kxd3 Be5 43.Bd2 Kd5 44.Be3 b2 45.Kc2 Bxc3 46.g6 Ke6 47.h6 
gxh6 48.Bxh6 Be5 49.g7 Kf7 50.Kb1 Kg8 51.Kc2 Kh7 52.Kb1 Bxg7 53.Bxg7 Kxg7 
54.Kxb2 Kf6 55.Kc3 Ke6 56.Kb4 Kd6 57.Kxb5 1/2-1/2

[Event "Xtracon Chess Open 2018"]
[Site "Elsinore"]
[Date "2018.07.22"]
[Round "2"]
[White "Ochsner, Bjorn Moller"]
[Black "Petersen, Peter Birk"]
[Result "1-0"]
[WhiteElo "2469"]
[BlackElo "2128"]
[EventDate "2018.07.21"]
[WhiteFideId "1416928"]
[BlackFideId "1401696"]

1.d4 Nf6 2.Nf3 e6 3.c4 c5 4.d5 exd5 5.cxd5 d6 6.Nc3 g6 7.Bf4 Bg7 8.Qa4+ 
Bd7 9.Qb3 Qc7 10.e3 O-O 11.Be2 a6 12.a4 Bg4 13.O-O Nbd7 14.h3 Bxf3 15.Bxf3
Rfe8 16.Bh2 Rab8 17.Rfd1 h5 18.Rac1 Nh7 19.Be2 Ng5 20.Qc2 h4 21.Bd3 Nf6 
22.b3 Qd7 23.e4 Rbd8 24.f4 Ngh7 25.e5 dxe5 26.fxe5 Nxd5 27.Nxd5 Qxd5 28.
Bxg6 Qxd1+ 29.Rxd1 Rxd1+ 30.Qxd1 fxg6 31.Qd7 Rf8 32.Qe6+ Rf7 33.Qxg6 Nf8 
34.Qg4 1-0

[Event "Xtracon Chess Open 2018"]
[Site "Elsinore"]
[Date "2018.07.22"]
[Round "2"]
[White "Nielsen, Thomas Bach"]
[Black "Keymer, Vincent"]
[Result "0-1"]
[WhiteElo "2111"]
[BlackElo "2466"]
[EventDate "2018.07.21"]
[WhiteFideId "1401785"]
[BlackFideId "12940690"]

1.d4 Nf6 2.c4 e6 3.Nc3 Bb4 4.e3 O-O 5.Bd3 b6 6.Ne2 d5 7.cxd5 exd5 8.O-O 
Re8 9.f3 Bb7 10.Qe1 c5 11.Qh4 Ba6 12.Bxa6 Nxa6 13.a3 Bxc3 14.Nxc3 Rb8 15.
Bd2 Nc7 16.Rad1 c4 17.Bc1 b5 18.g4 h6 19.Qg3 a5 20.h4 b4 21.axb4 axb4 22.
Ne2 Ne6 23.Rf2 Ra8 24.g5 hxg5 25.hxg5 Nh5 26.Qh3 g6 27.e4 Ra1 28.f4 dxe4 
29.Rdf1 Nxd4 30.Nxd4 Qxd4 31.Be3 Rxf1+ 32.Rxf1 Qxb2 33.f5 Qe5 34.fxg6 fxg6
35.Kg2 Rd8 36.Qg4 b3 0-1

[Event "Xtracon Chess Open 2018"]
[Site "Elsinore"]
[Date "2018.07.22"]
[Round "2"]
[White "Salomon, Johan"]
[Black "Molvig, Henrik"]
[Result "1-0"]
[WhiteElo "2462"]
[BlackElo "2121"]
[EventDate "2018.07.21"]
[WhiteFideId "1509500"]
[BlackFideId "1402625"]

1.c4 Nf6 2.Nc3 g6 3.e4 d6 4.d4 Bg7 5.h3 O-O 6.Be3 Na6 7.g4 c5 8.Nge2 cxd4 
9.Nxd4 Nc5 10.Bg2 a5 11.O-O Bd7 12.f4 a4 13.Qd2 Qb8 14.Rad1 Rc8 15.e5 dxe5
16.fxe5 Ne8 17.Qf2 f6 18.Nf3 1-0

[Event "Xtracon Chess Open 2018"]
[Site "Elsinore"]
[Date "2018.07.22"]
[Round "2"]
[White "Johansen, Oivind"]
[Black "Nakar, Eylon"]
[Result "0-1"]
[WhiteElo "2105"]
[BlackElo "2462"]
[EventDate "2018.07.21"]
[WhiteFideId "1501119"]
[BlackFideId "2811111"]

1.d4 Nf6 2.c4 e6 3.Nc3 Bb4 4.Qc2 d5 5.cxd5 exd5 6.Bg5 h6 7.Bxf6 Qxf6 8.a3 
Bxc3+ 9.Qxc3 O-O 10.e3 c6 11.Bd3 Qg5 12.g3 Qf6 13.Kf1 Be6 14.Kg2 Nd7 15.h3
c5 16.Ne2 c4 17.Bc2 b5 18.Nf4 Nb6 19.Qa5 Bd7 20.Rad1 Rfe8 21.Rhe1 Qc6 22.
f3 f5 23.g4 Rf8 24.Rf1 Rae8 25.Rde1 Rf6 26.Re2 fxg4 27.fxg4 Nc8 28.Qe1 
Ref8 29.Ref2 Ne7 30.Nh5 Rxf2+ 31.Rxf2 Rxf2+ 32.Qxf2 Qd6 33.Qf3 a5 34.Ng3 
b4 35.a4 b3 36.Bb1 Bxa4 37.Nf5 Nxf5 38.Qxf5 Bd7 39.Qh7+ Kf7 40.Qh8 a4 41.
Bh7 Qf8 42.Bg6+ Ke7 43.Qh7 c3 44.bxc3 a3 0-1

[Event "Xtracon Chess Open 2018"]
[Site "Elsinore"]
[Date "2018.07.22"]
[Round "2"]
[White "Mu, Ke"]
[Black "Petersen, Steen"]
[Result "1-0"]
[WhiteElo "2455"]
[BlackElo "2111"]
[EventDate "2018.07.21"]
[WhiteFideId "8602778"]
[BlackFideId "1402706"]

1.d4 Nf6 2.c4 e6 3.Nc3 Bb4 4.e3 c5 5.Ne2 cxd4 6.exd4 d5 7.a3 Be7 8.Nf4 Nc6
9.Be3 dxc4 10.Bxc4 O-O 11.O-O e5 12.dxe5 Nxe5 13.Ba2 Bd7 14.Ncd5 Nxd5 15.
Qxd5 Qc7 16.Bd4 Bd6 17.Nh5 Bc6 18.Qb3 Qe7 19.f4 Bc5 20.Qc3 Nd7 21.Rfe1 
Bxd4+ 22.Qxd4 Qc5 23.Qxc5 Nxc5 24.b4 Na4 25.Re5 Nc3 26.Bc4 a6 27.Rc1 Nb5 
28.a4 Nd6 29.Bb3 Rad8 30.Rd1 g6 31.Ng3 Kg7 32.Re7 Rde8 33.Rxe8 Nxe8 34.Re1
Nf6 35.Re7 Nd5 36.Bxd5 Bxd5 37.Ne2 Bc6 38.Nd4 Rd8 39.Nxc6 bxc6 40.Re4 Kf6 
41.Rc4 Rd6 42.Kf2 h5 43.Ke3 Kf5 44.Rc5+ Kg4 45.Rg5+ Kh4 46.Ra5 Kg4 47.Rxa6
Re6+ 48.Kd3 Kxf4 49.b5 Re3+ 50.Kd4 Re4+ 51.Kc5 cxb5 52.axb5 Re2 53.b6 Rc2+
54.Kd6 Rxg2 55.Ra4+ Kf3 56.Rb4 1-0

[Event "Xtracon Chess Open 2018"]
[Site "Elsinore"]
[Date "2018.07.22"]
[Round "2"]
[White "Skjoldager, Per"]
[Black "Johansson, Linus"]
[Result "0-1"]
[WhiteElo "2104"]
[BlackElo "2454"]
[EventDate "2018.07.21"]
[WhiteFideId "1408828"]
[BlackFideId "1711113"]

1.e4 Nc6 2.Nf3 d6 3.Be2 Nf6 4.Nc3 g6 5.d4 Bg7 6.O-O O-O 7.Be3 Bg4 8.Qd2 
Nd7 9.d5 Bxf3 10.Bxf3 Ncb8 11.Be2 c5 12.a4 Na6 13.Nd1 Nc7 14.Bh6 Nf6 15.
Bxg7 Kxg7 16.Bd3 b6 17.Ne3 a6 18.f4 b5 19.b3 e6 20.c4 exd5 21.exd5 bxc4 
22.bxc4 Nd7 23.Ng4 f5 24.Qb2+ Nf6 25.Nf2 Rb8 26.Qc3 Rb4 27.Rfe1 a5 28.Bc2 
Kg8 29.Re3 Ng4 30.Nxg4 fxg4 31.g3 Qf6 32.Qxf6 Rxf6 33.Re4 Rb2 34.Bd3 Rb4 
35.Be2 h5 36.Bd3 Rb3 37.Re3 Kg7 38.Rb1 Rb4 39.Kf2 g5 40.Re7+ Rf7 41.Rxf7+ 
Kxf7 42.fxg5 Rxb1 43.Bxb1 Na8 44.g6+ Kf6 45.Bc2 Nb6 46.g7 Kxg7 47.Bb3 Kf6 
48.Ke3 Kf5 49.Bc2+ Kg5 50.Bb3 Nd7 51.Bd1 Nb8 52.Bc2 Na6 53.Bh7 Nb4 54.Bb1 
Na6 55.Bh7 Nc7 56.Bd3 Ne8 57.Bh7 Nf6 58.Bd3 Nd7 59.Bc2 Ne5 60.Bb3 h4 61.
gxh4+ Kxh4 62.Kf4 Nf3 63.Bc2 Nxh2 64.Be4 Nf1 65.Bd3 Nd2 66.Be2 g3 0-1

[Event "Xtracon Chess Open 2018"]
[Site "Elsinore"]
[Date "2018.07.22"]
[Round "2"]
[White "Holm, Kristian Stuvik"]
[Black "Koellner, Christof"]
[Result "1-0"]
[WhiteElo "2453"]
[BlackElo "2105"]
[EventDate "2018.07.21"]
[WhiteFideId "1508083"]
[BlackFideId "4635787"]

1.d4 d5 2.c4 e6 3.Nf3 Nf6 4.Nc3 Be7 5.g3 O-O 6.Bg2 c6 7.O-O dxc4 8.Ne5 
Nbd7 9.Nxc4 Nb6 10.Ne5 Qc7 11.Qc2 a6 12.Rd1 Rd8 13.Bf4 Bd6 14.Bg5 Be7 15.
Rac1 Bd7 16.Ne4 Be8 17.Bxf6 gxf6 18.Ng4 Nd5 19.Nc3 Nxc3 20.Qxc3 h5 21.Ne3 
Qb6 22.Bf3 Qb5 23.h4 f5 24.Ng2 Qb4 25.Qxb4 Bxb4 26.Bxh5 Be7 27.e3 Rac8 28.
Bf3 Bf6 29.Rc2 Kf8 30.Nf4 Be7 31.Nd3 Rb8 32.Nc5 Bd6 33.b4 Ke7 34.a4 Rdc8 
35.Kg2 Rc7 36.h5 Bd7 37.Nd3 Rh8 38.Rdc1 Rcc8 39.Be2 Rcg8 40.Nc5 Rb8 41.Rb1
Be8 42.Rh1 Rh6 43.f3 f6 44.g4 Bf7 45.Kf2 fxg4 46.fxg4 Bg6 47.Rcc1 Be8 48.
Bf3 Bd7 49.Rhg1 Bxc5 50.bxc5 Rg8 51.Rb1 Bc8 52.e4 Kd8 53.Ke3 Rg5 54.Kf4 
Rg7 55.e5 Rf7 56.Ke3 Kc7 57.Rbf1 fxe5 58.dxe5 Rh8 59.Be4 Rd7 60.Rf6 Rhd8 
61.Rgf1 Rd2 62.Rf7+ Kb8 63.Rf8 R8d7 64.R1f7 R7d4 65.Rg7 Rd1 66.Rgg8 Rxa4 
67.Rxc8+ Ka7 68.Ra8# 1-0

[Event "Xtracon Chess Open 2018"]
[Site "Elsinore"]
[Date "2018.07.22"]
[Round "2"]
[White "Klings, Peter"]
[Black "Antonsen, Mikkel"]
[Result "0-1"]
[WhiteElo "2102"]
[BlackElo "2452"]
[EventDate "2018.07.21"]
[WhiteFideId "4631234"]
[BlackFideId "1401378"]

1.d4 Nf6 2.c4 e6 3.Nf3 c5 4.d5 exd5 5.cxd5 d6 6.Nc3 g6 7.Bg5 Bg7 8.e3 O-O 
9.Bc4 h6 10.Bh4 g5 11.Bg3 Nh5 12.Nd2 Nxg3 13.hxg3 Nd7 14.O-O Qe7 15.Re1 
Rb8 16.a4 a6 17.Be2 f5 18.a5 b5 19.axb6 Rxb6 20.Nc4 Rxb2 21.Nxb2 Bxc3 22.
Nc4 Nf6 23.Qb3 Bxe1 24.Rxe1 Bb7 25.Rd1 Rf7 26.Na5 Kg7 27.Bf3 Qc7 28.Qc3 
Kg6 29.g4 fxg4 30.Be2 Bxd5 31.Rxd5 Nxd5 32.Bd3+ Kh5 33.Qc4 Qxa5 34.Be2 Qb4
35.Bxg4+ Kg6 36.Qd3+ Kg7 37.Qxd5 Qxg4 0-1

[Event "Xtracon Chess Open 2018"]
[Site "Elsinore"]
[Date "2018.07.22"]
[Round "2"]
[White "Korley, Kassa"]
[Black "Jensen, Tobias Ilsoe"]
[Result "1-0"]
[WhiteElo "2443"]
[BlackElo "2102"]
[EventDate "2018.07.21"]
[WhiteFideId "2033801"]
[BlackFideId "1437127"]

1.Nf3 Nf6 2.c4 c5 3.Nc3 Nc6 4.d4 cxd4 5.Nxd4 g6 6.e4 d6 7.Be2 Nxd4 8.Qxd4 
Bg7 9.O-O O-O 10.Qe3 a6 11.Bd2 Bd7 12.f3 Rb8 13.a4 Be6 14.a5 Nd7 15.Ra3 
Rc8 16.b3 Ne5 17.Nd5 Nc6 18.Bc3 Bxc3 19.Qxc3 Bxd5 20.exd5 Ne5 21.Qe3 Qc7 
22.f4 Nd7 23.b4 Nf6 24.f5 Nd7 25.Qh6 e5 26.f6 1-0

[Event "Xtracon Chess Open 2018"]
[Site "Elsinore"]
[Date "2018.07.22"]
[Round "2"]
[White "Besq, Alexander Le"]
[Black "Ni, Shiqun"]
[Result "0-1"]
[WhiteElo "2097"]
[BlackElo "2435"]
[EventDate "2018.07.21"]
[WhiteFideId "1437089"]
[BlackFideId "8608466"]

1.e4 e6 2.d4 d5 3.Nd2 c5 4.Ngf3 cxd4 5.Nxd4 Nf6 6.e5 Nfd7 7.N2f3 Be7 8.Bd3
Nc5 9.Be3 Nbd7 10.h4 a6 11.Nb3 Nxd3+ 12.Qxd3 Qc7 13.O-O-O Nxe5 14.Nxe5 
Qxe5 15.Bd4 Qf4+ 16.Kb1 O-O 17.g3 Qc7 18.Qe3 Bd7 19.Bb6 Qc6 20.c3 Qb5 21.
h5 h6 22.f4 a5 23.Bd4 Rac8 24.g4 a4 25.g5 axb3 26.gxh6 e5 27.Qg3 Bf5+ 28.
Ka1 Bf6 29.fxe5 Ra8 30.a3 Rxa3+ 31.bxa3 Qe2 0-1

[Event "Xtracon Chess Open 2018"]
[Site "Elsinore"]
[Date "2018.07.22"]
[Round "2"]
[White "Vestby-Ellingsen, Mads"]
[Black "Mejvik, Jacob"]
[Result "1-0"]
[WhiteElo "2429"]
[BlackElo "2099"]
[EventDate "2018.07.21"]
[WhiteFideId "1520857"]
[BlackFideId "1710621"]

1.e4 e5 2.Nf3 Nc6 3.Bc4 Nf6 4.d3 Be7 5.O-O O-O 6.Re1 d6 7.a4 Kh8 8.c3 Na5 
9.Ba2 c5 10.Nbd2 Ng8 11.d4 Nc6 12.dxc5 dxc5 13.Bd5 Qc7 14.Nc4 f6 15.h3 Rd8
16.Qe2 Bf8 17.Na3 Nce7 18.Bb3 a6 19.Be3 b6 20.Nd2 Bb7 21.f3 g6 22.Ndc4 Bh6
23.Bf2 Bc6 24.Ne3 Qb7 25.c4 Bxe3 26.Bxe3 g5 27.Bc2 a5 28.Nb1 Rd6 29.Nc3 
Rad8 30.Nd5 Ng6 31.Rad1 Be8 32.Qf2 Qb8 33.Rd2 Bf7 34.Red1 Nf8 35.h4 h6 36.
hxg5 hxg5 37.Qg3 Bxd5 38.exd5 Ne7 39.Bxg5 Neg6 40.Bh6 1-0

[Event "Xtracon Chess Open 2018"]
[Site "Elsinore"]
[Date "2018.07.22"]
[Round "2"]
[White "Christiansen, Jens Jorgen"]
[Black "Hilby, Craig"]
[Result "0-1"]
[WhiteElo "2086"]
[BlackElo "2426"]
[EventDate "2018.07.21"]
[WhiteFideId "1401670"]
[BlackFideId "2062674"]

1.Nf3 d5 2.g3 Nf6 3.Bg2 e6 4.O-O Be7 5.c4 O-O 6.b3 b6 7.Bb2 Bb7 8.cxd5 
exd5 9.d4 Nbd7 10.Nc3 c6 11.Qc2 Re8 12.Rfd1 Bf8 13.e3 Qc7 14.Rac1 Rad8 15.
Ne5 Qb8 16.e4 Nxe5 17.dxe5 Rxe5 18.exd5 cxd5 19.Nb5 Re6 20.Nd4 Rc8 21.Qd3 
Ree8 22.Nf5 Rxc1 23.Rxc1 Qd8 24.Bd4 Ne4 25.Ne3 Qd7 26.Rd1 Qe6 27.Qc2 Rc8 
28.Qb2 h5 29.h4 Qg6 30.Bh3 Re8 31.Bd7 Rd8 32.Bf5 Qh6 33.Rc1 Nc5 34.b4 Ne6 
35.Bh3 Nxd4 36.Qxd4 Qd6 37.a3 g6 38.Bg2 Bg7 39.Qd3 Bh6 40.f4 a5 41.Rd1 
axb4 42.axb4 Qxb4 43.Nxd5 Qc5+ 44.Kh2 Bxd5 45.Bxd5 Kf8 46.Kg2 b5 47.f5 Kg7
48.Qe4 Qe3 49.Qxe3 Bxe3 50.fxg6 fxg6 51.Kf3 Bc5 52.Bb3 Rf8+ 53.Ke4 Re8+ 
54.Kd5 Bf2 55.Kc6 Bxg3 56.Rd7+ Kf6 57.Rf7+ Ke5 58.Rf3 Bf4 59.Bf7 Re7 60.
Bd5 b4 61.Rb3 Bd2 62.Rb2 Bc3 63.Re2+ Kf6 64.Rf2+ Kg7 65.Kd6 Ra7 66.Kc5 Rd7
67.Rg2 Re7 68.Kd6 Bf6 69.Bb3 Re4 70.Bc2 Rg4 71.Rxg4 hxg4 72.Kc5 g3 0-1

[Event "Xtracon Chess Open 2018"]
[Site "Elsinore"]
[Date "2018.07.22"]
[Round "2"]
[White "Jensen, Thore Nyboe"]
[Black "Raghunandan, Kaumandur Srihari"]
[Result "0-1"]
[WhiteElo "2072"]
[BlackElo "2417"]
[EventDate "2018.07.21"]
[WhiteFideId "1405349"]
[BlackFideId "25004964"]

1.e4 c5 2.Nf3 d6 3.d4 cxd4 4.Nxd4 Nf6 5.f3 e5 6.Bb5+ Nbd7 7.Nf5 d5 8.exd5 
a6 9.Be2 Nb6 10.Ne3 Nbxd5 11.c4 Nf4 12.Qxd8+ Kxd8 13.g3 Ne6 14.Nc2 Bc5 15.
Be3 Bxe3 16.Nxe3 Nd4 17.Nc3 Be6 18.Rd1 Ke7 19.f4 exf4 20.Rxd4 fxe3 21.O-O 
Rhd8 22.Rfd1 Rxd4 23.Rxd4 Rc8 24.Nd1 Rc5 25.Nxe3 Re5 26.Kf2 Ne4+ 27.Kf3 
Ng5+ 28.Kf4 f6 29.Bf1 Bc8 30.Nd5+ Kf7 31.Nc7 Rf5+ 0-1

[Event "Xtracon Chess Open 2018"]
[Site "Elsinore"]
[Date "2018.07.22"]
[Round "2"]
[White "Jepson, Christian"]
[Black "Kizatbay, Abyl"]
[Result "1-0"]
[WhiteElo "2410"]
[BlackElo "2088"]
[EventDate "2018.07.21"]
[WhiteFideId "1701185"]
[BlackFideId "1521853"]

1.Nf3 Nf6 2.c4 g6 3.Nc3 d5 4.cxd5 Nxd5 5.Qb3 Nb6 6.d4 Bg7 7.Bf4 O-O 8.Rd1 
a5 9.e3 a4 10.Qc2 c6 11.Be2 Na6 12.h4 Nb4 13.Qb1 N6d5 14.Be5 f6 15.Bg3 Be6
16.a3 Nxc3 17.bxc3 Nd5 18.Rc1 Qa5 19.Qb2 Rfc8 20.Nd2 c5 21.Nc4 Qa7 22.O-O 
Bh6 23.Rc2 Bf5 24.Bf3 Be6 25.e4 Nxc3 26.d5 Nxd5 27.exd5 Bf5 28.Re2 1-0

[Event "Xtracon Chess Open 2018"]
[Site "Elsinore"]
[Date "2018.07.22"]
[Round "2"]
[White "Akesson, Ralf"]
[Black "Bebchuk, Leonid"]
[Result "1-0"]
[WhiteElo "2397"]
[BlackElo "2072"]
[EventDate "2018.07.21"]
[WhiteFideId "1700120"]
[BlackFideId "2803305"]

1.d4 Nf6 2.c4 e6 3.Nf3 d5 4.g3 Be7 5.Bg2 O-O 6.O-O dxc4 7.Qc2 a6 8.a4 Bd7 
9.Qxc4 Bc6 10.Bg5 a5 11.Nc3 Na6 12.e3 h6 13.Bxf6 Bxf6 14.Rfd1 Nb4 15.Rac1 
b6 16.Ne1 Bxg2 17.Kxg2 Rc8 18.Na2 Nxa2 19.Qxa2 Qd6 20.Qc4 Rfd8 21.Qc6 
Qxc6+ 22.Rxc6 Rd6 23.Rc4 Kf8 24.Rdc1 e5 25.dxe5 Bxe5 26.R1c2 Rd1 27.Nf3 
Bd6 28.Rc6 Rd5 29.Rxb6 cxb6 30.Rxc8+ Ke7 31.Nd4 Bc5 32.Nb3 Bb4 33.Rc7+ Ke8
34.Kf3 Rd3 35.Nd4 g6 36.Rc2 Rd1 37.Nb3 Kd7 38.h4 h5 39.Ke2 Rb1 40.Nd2 Ra1 
41.Nc4 Bc5 42.b3 Rb1 43.Nxa5 Bb4 44.Nc4 Rxb3 45.Nxb6+ Ke6 46.Rc6+ Ke5 47.
Nd7+ Ke4 48.Nf6+ Kf5 49.Rb6 Rb2+ 50.Kf3 Bc3 51.Rxb2 Bxb2 52.a5 Be5 53.Nd7 
1-0

[Event "Xtracon Chess Open 2018"]
[Site "Elsinore"]
[Date "2018.07.22"]
[Round "2"]
[White "Salerno, Christian"]
[Black "Lindgren, Philip"]
[Result "0-1"]
[WhiteElo "2070"]
[BlackElo "2394"]
[EventDate "2018.07.21"]
[WhiteFideId "1310810"]
[BlackFideId "1713230"]

1.e4 c5 2.Nf3 d6 3.d4 cxd4 4.Nxd4 Nf6 5.Nc3 a6 6.Bc4 e6 7.Bb3 Nbd7 8.f4 
Nc5 9.f5 Be7 10.Qf3 Bd7 11.Be3 Rc8 12.O-O O-O 13.Rad1 Nxb3 14.axb3 e5 15.
Nde2 h6 16.Ng3 b5 17.Nh5 Bc6 18.Rf2 b4 19.Nxf6+ Bxf6 20.Nd5 Bxd5 21.Rxd5 
Rc6 22.Rfd2 Qc7 23.R5d3 Rc8 24.Qd1 Be7 25.Bxh6 gxh6 26.Rg3+ Kf8 27.Qh5 Bf6
28.Qxh6+ Ke7 29.c4 bxc3 30.bxc3 Rxc3 0-1

[Event "Xtracon Chess Open 2018"]
[Site "Elsinore"]
[Date "2018.07.22"]
[Round "2"]
[White "Percivaldi, Martin"]
[Black "Jessen, Alexander"]
[Result "1-0"]
[WhiteElo "2393"]
[BlackElo "2071"]
[EventDate "2018.07.21"]
[WhiteFideId "1508148"]
[BlackFideId "1437917"]

1.Nf3 d5 2.g3 Nf6 3.Bg2 Bf5 4.O-O e6 5.d3 h6 6.Nbd2 c6 7.b3 Be7 8.Bb2 O-O 
9.c4 Re8 10.a3 a5 11.Ra2 Na6 12.Qa1 Bh7 13.Rc1 Rc8 14.Bh3 Nh5 15.Bc3 Bd6 
16.cxd5 cxd5 17.Rac2 b6 18.Bg4 g6 19.Bxh5 gxh5 20.Bf6 Qd7 21.Bg7 Bxa3 22.
Bxh6 Bf8 23.Bxf8 Rxf8 24.Qf6 Rxc2 25.Rxc2 Qd8 26.Qh6 Bg6 27.Ne5 Qf6 28.
Qxf8+ Kxf8 29.Nd7+ Ke7 30.Nxf6 Kxf6 31.Rc6 1-0

[Event "Xtracon Chess Open 2018"]
[Site "Elsinore"]
[Date "2018.07.22"]
[Round "2"]
[White "Pallesen, Jacob"]
[Black "Hoi, Carsten"]
[Result "0-1"]
[WhiteElo "2058"]
[BlackElo "2389"]
[EventDate "2018.07.21"]
[WhiteFideId "1404881"]
[BlackFideId "1400100"]

1.d4 Nf6 2.Nf3 g6 3.c4 Bg7 4.Nc3 O-O 5.e3 d6 6.Be2 Nbd7 7.h4 h6 8.Nd2 e5 
9.d5 Qe7 10.e4 a5 11.b3 Nc5 12.Ba3 Ne8 13.h5 gxh5 14.Bxc5 dxc5 15.Bxh5 Nd6
16.Qe2 f5 17.O-O-O a4 18.Kb2 Bd7 19.Bf3 b5 20.cxb5 axb3 21.axb3 Rab8 22.
Kc2 Nxb5 23.Nxb5 Bxb5 24.Nc4 Qf6 25.Qe3 Bxc4 26.bxc4 Qa6 27.Ra1 Qxc4+ 28.
Qc3 Qxc3+ 29.Kxc3 fxe4 30.Bxe4 Rxf2 31.Rhb1 Rxb1 32.Rxb1 Bf8 33.Rh1 Rf4 
34.Bc2 Rg4 35.Rh2 Kg7 36.Bf5 Rg3+ 37.Kc4 Bd6 38.Bh3 Ra3 39.Rh1 Ra4+ 40.Kc3
Rf4 41.Be6 Rf2 42.Bh3 Kg6 43.Re1 Kg5 44.Re4 h5 45.Kd3 Rf4 46.Ke3 c4 47.
Rxf4 Bc5+ 48.Ke4 exf4 49.Bd7 c3 50.Kd3 Bb4 51.Ba4 Kg4 52.Bd1+ Kg3 53.Bf3 
h4 54.Be4 Kf2 55.Kc4 Ke3 56.Bf5 Ba5 57.Kb5 Bb6 58.d6 cxd6 59.Kxb6 Kd2 60.
Kc6 c2 0-1